| 000 | 01009cam a22003257a 4500 | ||
|---|---|---|---|
| 003 | CHAP | ||
| 005 | 20220329134647.0 | ||
| 008 | 971013s1973 r 00010 d | ||
| 010 | _a23789 | ||
| 011 | _a24761 | ||
| 035 | _a28860 | ||
| 040 | _cCHAP | ||
| 090 | _aFolleto 1840 | ||
| 110 |
_aComisión Nacional de Fruticultura. México _925772 |
||
| 245 | 1 | 3 | _aEl granado |
| 260 |
_aMéxico : _bCONAFRUT, _c1973 |
||
| 300 | _a3 p. | ||
| 490 | 0 |
_aHoja de divulgación _v; 4 |
|
| 590 |
_aBATCH-UPD _b10 _c20130110 _lUCH01 _h2154 |
||
| 590 |
_aBATCH-UPD _b10 _c20130410 _lUCH01 _h1502 |
||
| 590 |
_aBATCH-UPD _b10 _c20130914 _lUCH01 _h1551 |
||
| 590 |
_aCONVERSION _b10 _c20130109 _lUCH01 _h1314 |
||
| 650 | 1 | 4 |
_aGranada. _950320 |
| 830 | 0 |
_aHoja de divulgación _v; 4 _955847 |
|
| 901 | _aBK | ||
| 942 | _cFOLL | ||
| 949 |
_aFolleto 1840 _bBC _cFOLL _d-66653 _eTS1 _i28860 _mD _si |
||
| 949 |
_aFolleto 1840 _bBC _cFOLL _d-66654 _eTS2 _fc.2 _i28860 _mD _si |
||
| 949 |
_aFolleto 1840 _bBC _cFOLL _d-66655 _eTS2 _fc.3 _i28860 _mD _si |
||
| 999 |
_c23789 _d23789 |
||